English Football Tournament Winners - Statistics

General Stats
  • This quiz has been taken 177 times
  • The average score is 42 of 58
Answer Stats
Answer % Correct
Liverpool
99%
Manchester City
99%
Manchester United
99%
Chelsea
98%
Arsenal
97%
Tottenham Hotspur
96%
Everton
95%
Newcastle United
95%
Leicester City
92%
Nottingham Forest
92%
Aston Villa
91%
Leeds United
89%
Sunderland
89%
Norwich City
88%
West Ham United
88%
Portsmouth
86%
Swansea City
86%
Southampton
84%
Burnley
83%
Cardiff City
83%
Derby County
83%
West Bromwich Albion
82%
Birmingham City
81%
Sheffield Wednesday
81%
Stoke City
81%
Wolverhampton Wanderers
81%
Sheffield United
80%
Blackburn Rovers
79%
Bolton Wanderers
79%
Preston North End
79%
Fulham
78%
Wigan Athletic
78%
Coventry City
76%
Ipswich Town
76%
Queens Park Rangers
74%
Blackpool
73%
Crystal Palace
72%
Huddersfield Town
72%
Middlesbrough
71%
Reading
69%
Wimbledon
69%
Charlton Athletic
62%
AFC Bournemouth
61%
Brighton & Hove Albion
57%
Bradford City
55%
Notts County
55%
Barnsley
54%
Luton Town
54%
Bury
50%
Oxford University
50%
Swindon Town
50%
Wanderers
48%
Blackburn Olympic
43%
Old Etonians
42%
Oxford United
38%
Royal Engineers
32%
Clapham Rovers
25%
Old Carthusians
18%
No matching quizzes found
Score Distribution
Percent of People with Each Score
Percentile by Number Answered
Your Score History
You have not taken this quiz